Water footprints : achieving sustainable development goals /

Water Footprints: Achieving Sustainable Development Goals serves as a comprehensive resource for professors, students, researchers, water resources planners, and managers working on natural science and engineering, addressing critical issues related to water footprints and their impact on environmen...

Full description

Bibliographic Details
Corporate Author: ScienceDirect (Online service)
Other Authors: Kumar, Amit (Editor), Hui, Dafeng (Editor), Lin, Junjie (Editor), Thakur, Tarun Kumar (Editor)
Format: eBook
Language:English
Published: Amsterdam : Elsevier, 2025.
Subjects:
Online Access:Connect to the full text of this electronic book

MARC

Tag First Indicator Second Indicator Subfields
LEADER 00000cam a22000008i 4500
001 in00005774792
005 20260327190420.6
006 m o d
007 cr |||||||||||
008 250313s2025 ne o 000 0 eng d
040 |a UKMGB  |b eng  |e rda  |e pn  |c UKMGB  |d OCLCO  |d YDX  |d OPELS  |d UKAHL 
015 |a GBC526743  |2 bnb 
016 7 |a 300529211  |2 Uk 
020 |a 9780443300554  |q ePub ebook 
020 |a 0443300550  |q ePub ebook 
020 |z 9780443300547 
024 8 |a CIPO000210279 
035 |a (OCoLC)1518007392 
050 4 |a TD195.W3 
082 0 4 |a 333.9113  |2 23 
049 |a TXAM 
245 0 0 |a Water footprints :  |b achieving sustainable development goals /  |c edited by Amit Kumar, Dafeng Hui, Junjie Lin, Tarun Kumar Thakur. 
264 1 |a Amsterdam :  |b Elsevier,  |c 2025. 
300 |a 1 online resource (320 pages) 
336 |a text  |b txt  |2 rdacontent 
337 |a computer  |b c  |2 rdamedia 
338 |a online resource  |b cr  |2 rdacarrier 
588 |a Description based on CIP data; resource not viewed. 
520 |a Water Footprints: Achieving Sustainable Development Goals serves as a comprehensive resource for professors, students, researchers, water resources planners, and managers working on natural science and engineering, addressing critical issues related to water footprints and their impact on environmental sustainability goals, especially the UN Sustainable Development Goals (SDGs). Edited by global experts in the field, this book delves into the intricacies of water usage, offering a detailed exploration of its environmental impacts. By incorporating unique case studies and practical applications in every chapter, this book adopts a holistic approach to water use, integrating perspectives from environmental science, agriculture, and engineering. This interdisciplinary approach aims to present sustainable solutions to the growing challenge of ecological constraints while contributing to the achievement of the UN SDGs. Moreover, it addresses current management and policy concerns, highlighting the need for updated governance measures, particularly in light of international frameworks like the UNFCCC Paris Agreement. 
610 2 0 |a Sustainable Development Goals (Project) 
650 0 |a Water-supply engineering  |x Environmental aspects. 
650 0 |a Water-supply  |x Environmental aspects. 
650 6 |a Eau  |x Approvisionnement  |x Technique  |x Aspect de l'environnement. 
650 6 |a Eau  |x Approvisionnement  |x Aspect de l'environnement. 
655 7 |a Electronic books.  |2 local 
700 1 |a Kumar, Amit,  |e editor. 
700 1 |a Hui, Dafeng,  |e editor. 
700 1 |a Lin, Junjie,  |e editor. 
700 1 |a Thakur, Tarun Kumar,  |e editor. 
710 2 |a ScienceDirect (Online service) 
776 0 8 |i Print version:  |z 9780443300547 
856 4 0 |u http://proxy.library.tamu.edu/login?url=https://www.sciencedirect.com/science/book/9780443300547  |z Connect to the full text of this electronic book  |t 0 
955 |a Elsevier ScienceDirect 2026-2027 
994 |a 92  |b TXA 
999 f f |i 6883abd5-8e53-4cf4-b848-cdedfc1200f6  |s 4de041fd-f6c0-4e4a-a14a-3ec6cf09c317  |t 0 
952 f f |a Texas A&M University  |b College Station  |c Electronic Resources  |s www_evans  |d Available Online  |t 0  |e TD195.W3   |h Library of Congress classification 
998 f f |a TD195.W3   |t 0  |l Available Online